Największe państwa Australii i Oceanii - Statystyki

Ogólne statystyki
  • Ten quiz został rozwiązany 38 razy
  • Średni wynik to 5 z 5
Statystyki odpowiedzi
Ranking Odpowiedź % Poprawnych
1. Australia
100%
3. Nowa Zelandia
100%
2. Papua-Nowa Gwinea
100%
5. Fidżi
87%
4. Wyspy Salomona
65%
Nie znaleziono quizów pasujących do podanych kryteriów
Rozkład punktacji
Procent ludzi z każdym wynikiem
Percentyl według liczby udzielonych odpowiedzi
Twoja historia wyników
Nie rozwiązałeś tego quizu